000 00326nam a2200109Ia 4500
008 200302s9999 xx 000 0 und d
100 _aBarry S.Onouye & Kevin Kane
245 _aStatics And Strength Of Materials For Architecture and Building Construction
260 _bPearson Eduction Ltd,.
260 _c2015
300 _a589 P
999 _c4225
_d4225